Handbook of the 3.8-inch gun matériel ... (Record no. 92308)
[ view plain ]
| 000 -LEADER | |
|---|---|
| fixed length control field | 00705cam a22002171 4500 |
| 001 - CONTROL NUMBER | |
| control field | war17000060 |
| 003 - CONTROL NUMBER IDENTIFIER | |
| control field | DLC |
| 005 - DATE AND TIME OF LATEST TRANSACTION | |
| control field | 20260227112811.0 |
| 008 - FIXED-LENGTH DATA ELEMENTS--GENERAL INFORMATION | |
| fixed length control field | 800514s1917 dcuf f000 0 eng c |
| 010 ## - LIBRARY OF CONGRESS CONTROL NUMBER | |
| LC control number | war17000060 |
| 035 ## - SYSTEM CONTROL NUMBER | |
| System control number | (OCoLC)6316252 |
| 040 ## - CATALOGING SOURCE | |
| Original cataloging agency | Library, War College Div. General Staff |
| Transcribing agency | OCl |
| Modifying agency | OCoLC |
| -- | DLC |
| 042 ## - AUTHENTICATION CODE | |
| Authentication code | premarc |
| 050 00 - LIBRARY OF CONGRESS CALL NUMBER | |
| Classification number | UF563 |
| Item number | .A5 3.8 in 1917 |
| 110 1# - MAIN ENTRY--CORPORATE NAME | |
| Corporate name or jurisdiction name as entry element | United States. |
| Subordinate unit | Army. |
| -- | Ordnance Department. |
| 245 10 - TITLE STATEMENT | |
| Title | Handbook of the 3.8-inch gun matériel ... |
| Remainder of title | January 19, 1917. |
| 260 ## - PUBLICATION, DISTRIBUTION, ETC. | |
| Place of publication, distribution, etc. | Washington, |
| Name of publisher, distributor, etc. | Govt. print. off., |
| Date of publication, distribution, etc. | 1917. |
| 300 ## - PHYSICAL DESCRIPTION | |
| Extent | 53 p. |
| Other physical details | XI pl. |
| Dimensions | 23 cm. |
| 500 ## - GENERAL NOTE | |
| General note | Form no. 1773. |
| 610 10 - SUBJECT ADDED ENTRY--CORPORATE NAME | |
| Corporate name or jurisdiction name as entry element | United States. |
| Subordinate unit | Army |
| General subdivision | Artillery, Field and mountain. |
No items available.